<?xml version="1.0" encoding="UTF-8"?>
<record
    xmlns:xsi="http://www.w3.org/2001/XMLSchema-instance"
    xsi:schemaLocation="http://www.loc.gov/MARC21/slim http://www.loc.gov/standards/marcxml/schema/MARC21slim.xsd"
    xmlns="http://www.loc.gov/MARC21/slim">

  <leader>02859njm a2200505Ia 4500</leader>
  <controlfield tag="001">38673</controlfield>
  <controlfield tag="003">IT-RoPAU</controlfield>
  <controlfield tag="005">20220918181125.0</controlfield>
  <controlfield tag="008">131025s9999    xx            000 0 und d</controlfield>
  <datafield tag="040" ind1=" " ind2=" ">
    <subfield code="a">IT-RoPAU</subfield>
  </datafield>
  <datafield tag="040" ind1=" " ind2=" ">
    <subfield code="c">IT-RoPAU</subfield>
  </datafield>
  <datafield tag="041" ind1=" " ind2=" ">
    <subfield code="a">INGLESE</subfield>
  </datafield>
  <datafield tag="999" ind1=" " ind2=" ">
    <subfield code="c">100130</subfield>
    <subfield code="d">100130</subfield>
  </datafield>
  <datafield tag="999" ind1=" " ind2=" ">
    <subfield code="b">n.d.</subfield>
  </datafield>
  <datafield tag="100" ind1=" " ind2=" ">
    <subfield code="a">AA.VV.</subfield>
    <subfield code="9">794</subfield>
  </datafield>
  <datafield tag="100" ind1=" " ind2=" ">
    <subfield code="e">Autore musica</subfield>
    <subfield code="9">20184</subfield>
  </datafield>
  <datafield tag="100" ind1=" " ind2=" ">
    <subfield code="g">Codice autore musica SPICS: 12000</subfield>
    <subfield code="9">796</subfield>
  </datafield>
  <datafield tag="245" ind1=" " ind2=" ">
    <subfield code="a">True Colors</subfield>
  </datafield>
  <datafield tag="250" ind1=" " ind2=" ">
    <subfield code="a">1a ed.</subfield>
  </datafield>
  <datafield tag="260" ind1=" " ind2=" ">
    <subfield code="a">HOLLAND</subfield>
  </datafield>
  <datafield tag="260" ind1=" " ind2=" ">
    <subfield code="b">CBS</subfield>
    <subfield code="c">1986 [1a Ed.:1986 - Ed. Lingua Orig.: 1986]</subfield>
  </datafield>
  <datafield tag="300" ind1=" " ind2=" ">
    <subfield code="a">DISCO</subfield>
  </datafield>
  <datafield tag="300" ind1=" " ind2=" ">
    <subfield code="c">40 minuti (Testo:  pag.)</subfield>
  </datafield>
  <datafield tag="500" ind1=" " ind2=" ">
    <subfield code="a">Musica pop</subfield>
  </datafield>
  <datafield tag="505" ind1=" " ind2=" ">
    <subfield code="a">Change of Heart (5:00) - Maybe He'll Know (5:00) - Boy Blue (5:00) - True Colors (4:00) - Calm Inside the Storm (4:00) - What's Going On (5:00) - Iko Iko (3:00) - The Faraway Nearby (3:00) - 911 (4:00) - One Track Mind (4:00)</subfield>
  </datafield>
  <datafield tag="650" ind1=" " ind2=" ">
    <subfield code="a">POP [DISCHI]</subfield>
    <subfield code="e">Codice MATERIA SPICS: 9950</subfield>
    <subfield code="9">1001</subfield>
  </datafield>
  <datafield tag="700" ind1=" " ind2=" ">
    <subfield code="a">Lauper Cyndi</subfield>
    <subfield code="g">Codice interprete SPICS: 17436</subfield>
    <subfield code="e">Interprete</subfield>
    <subfield code="9">20185</subfield>
  </datafield>
  <datafield tag="700" ind1=" " ind2=" ">
    <subfield code="a">Mohawk Essra</subfield>
    <subfield code="g">Codice autore musica SPICS: 28495</subfield>
    <subfield code="e">Autore musica</subfield>
    <subfield code="p">Change of Heart</subfield>
    <subfield code="9">20186</subfield>
  </datafield>
  <datafield tag="700" ind1=" " ind2=" ">
    <subfield code="a">Lauper Cyndi</subfield>
    <subfield code="g">Codice autore musica SPICS: 17436</subfield>
    <subfield code="e">Autore musica</subfield>
    <subfield code="p">Change of Heart - Maybe He'll Know - Boy Blue - Calm Inside the Storm - The Faraway Nearby - 911 - One Track Mind</subfield>
    <subfield code="9">20187</subfield>
  </datafield>
  <datafield tag="700" ind1=" " ind2=" ">
    <subfield code="a">Turi John</subfield>
    <subfield code="g">Codice autore SPICS: 28496</subfield>
    <subfield code="e">Autore</subfield>
    <subfield code="p">Maybe He'll Know</subfield>
    <subfield code="9">20188</subfield>
  </datafield>
  <datafield tag="700" ind1=" " ind2=" ">
    <subfield code="a">Lunt Steve B.</subfield>
    <subfield code="g">Codice autore SPICS: 28497</subfield>
    <subfield code="e">Autore</subfield>
    <subfield code="p">Boy Blue - 911</subfield>
    <subfield code="9">20189</subfield>
  </datafield>
  <datafield tag="700" ind1=" " ind2=" ">
    <subfield code="a">Bova Jeff</subfield>
    <subfield code="g">Codice autore testo/musica SPICS: 28498</subfield>
    <subfield code="e">Autore testo/musica</subfield>
    <subfield code="p">Boy Blue</subfield>
    <subfield code="9">20190</subfield>
  </datafield>
  <datafield tag="700" ind1=" " ind2=" ">
    <subfield code="a">Kelly Tom</subfield>
    <subfield code="g">Codice autore musica SPICS: 28499</subfield>
    <subfield code="e">Autore musica</subfield>
    <subfield code="p">True Colors</subfield>
    <subfield code="9">20191</subfield>
  </datafield>
  <datafield tag="700" ind1=" " ind2=" ">
    <subfield code="a">Steinberg Billy</subfield>
    <subfield code="g">Codice autore testo/musica SPICS: 28500</subfield>
    <subfield code="e">Autore testo/musica</subfield>
    <subfield code="p">True Colors</subfield>
    <subfield code="9">20192</subfield>
  </datafield>
  <datafield tag="700" ind1=" " ind2=" ">
    <subfield code="a">Derringer Rick</subfield>
    <subfield code="g">Codice autore testo/musica SPICS: 28501</subfield>
    <subfield code="e">Autore testo/musica</subfield>
    <subfield code="p">Calm Inside the Storm</subfield>
    <subfield code="9">20193</subfield>
  </datafield>
  <datafield tag="700" ind1=" " ind2=" ">
    <subfield code="a">Cleveland A.</subfield>
    <subfield code="g">Codice autore musica SPICS: 28502</subfield>
    <subfield code="e">Autore musica</subfield>
    <subfield code="p">What's Going On</subfield>
    <subfield code="9">20194</subfield>
  </datafield>
  <datafield tag="700" ind1=" " ind2=" ">
    <subfield code="a">Gaye Marvin</subfield>
    <subfield code="g">Codice autore SPICS: 28395</subfield>
    <subfield code="e">Autore</subfield>
    <subfield code="p">What's Going On</subfield>
    <subfield code="9">20195</subfield>
  </datafield>
  <datafield tag="700" ind1=" " ind2=" ">
    <subfield code="a">Benson Robert W.</subfield>
    <subfield code="g">Codice autore testo/musica SPICS: 26821</subfield>
    <subfield code="e">Autore testo/musica</subfield>
    <subfield code="p">What's Going On</subfield>
    <subfield code="9">20196</subfield>
  </datafield>
  <datafield tag="700" ind1=" " ind2=" ">
    <subfield code="a">Hawkins R.L.</subfield>
    <subfield code="g">Codice autore musica SPICS: 28503</subfield>
    <subfield code="e">Autore musica</subfield>
    <subfield code="p">Iko Iko</subfield>
    <subfield code="9">20197</subfield>
  </datafield>
  <datafield tag="700" ind1=" " ind2=" ">
    <subfield code="a">Thomas John</subfield>
    <subfield code="g">Codice autore SPICS: 16923</subfield>
    <subfield code="e">Autore</subfield>
    <subfield code="p">Iko Iko</subfield>
    <subfield code="9">20198</subfield>
  </datafield>
  <datafield tag="700" ind1=" " ind2=" ">
    <subfield code="a">Jones Jimmy</subfield>
    <subfield code="g">Codice autore testo/musica SPICS: 16395</subfield>
    <subfield code="e">Autore testo/musica</subfield>
    <subfield code="p">Iko Iko</subfield>
    <subfield code="9">20199</subfield>
  </datafield>
  <datafield tag="700" ind1=" " ind2=" ">
    <subfield code="a">Gray Tom</subfield>
    <subfield code="g">Codice autore testo/musica SPICS: 28504</subfield>
    <subfield code="e">Autore testo/musica</subfield>
    <subfield code="p">The Faraway Nearby</subfield>
    <subfield code="9">20200</subfield>
  </datafield>
  <datafield tag="700" ind1=" " ind2=" ">
    <subfield code="a">Bralower Jimmy</subfield>
    <subfield code="g">Codice autore SPICS: 28505</subfield>
    <subfield code="e">Autore</subfield>
    <subfield code="p">One Track Mind</subfield>
    <subfield code="9">20201</subfield>
  </datafield>
  <datafield tag="700" ind1=" " ind2=" ">
    <subfield code="a">Petze Lennie</subfield>
    <subfield code="g">Codice autore testo/musica SPICS: 28506</subfield>
    <subfield code="e">Autore testo/musica</subfield>
    <subfield code="p">One Track Mind</subfield>
    <subfield code="9">20202</subfield>
  </datafield>
  <datafield tag="942" ind1=" " ind2=" ">
    <subfield code="c">MD</subfield>
    <subfield code="2">ddc</subfield>
  </datafield>
  <datafield tag="952" ind1=" " ind2=" ">
    <subfield code="0">0</subfield>
    <subfield code="1">0</subfield>
    <subfield code="4">0</subfield>
    <subfield code="6">38673_000000000000000</subfield>
    <subfield code="7">1</subfield>
    <subfield code="a">SPICS</subfield>
    <subfield code="b">SPICS</subfield>
    <subfield code="d">2013-10-25</subfield>
    <subfield code="l">0</subfield>
    <subfield code="o">38673</subfield>
    <subfield code="r">2013-10-25 00:00:00</subfield>
    <subfield code="w">2013-10-25</subfield>
    <subfield code="y">MD</subfield>
    <subfield code="z">Progr. Ins.: 13712 / N.Vol.: 1 / Copie: 1 - Copia rara: n.d. / date import: 01.01.2014 - By Epidotti, Trombetti, Vaglietti</subfield>
  </datafield>
</record>
